[Event "POL-chT 1st League"]
[Site "Poronin"]
[Date "2017.09.09"]
[Round "8.5"]
[White "Konieczynski, Piotr"]
[Black "Kaczmarek, Aleksander"]
[Result "1/2-1/2"]
[WhiteElo "1903"]
[BlackElo "2384"]
[PlyCount "74"]
[EventDate "2017.09.02"]
[EventType "team-tourn"]
[EventRounds "9"]
[EventCountry "POL"]
[SourceTitle "CBM 180 Extra"]
[Source "ChessBase"]
[SourceDate "2017.10.06"]
[SourceVersion "1"]
[SourceVersionDate "2017.10.06"]
[SourceQuality "1"]
[WhiteTeam "Znin Baszta"]
[BlackTeam "Lodz Okucia Budowlane"]
[WhiteTeamCountry "POL"]
[BlackTeamCountry "POL"]

1. d4 c5 2. d5 e6 3. e4 exd5 4. exd5 d6 5. c4 Ne7 6. Bd3 Ng6 7. Nf3 Be7 8. 0-0 Bg4 9. h3 Bxf3 10. Qxf3 Ne5 11. Qe2 Nxd3 12. Qxd3 Nd7 13. Nc3 0-0 14. b3 Ne5 15. Qc2 Qd7 16. Bd2 Ng6 17. Rae1 Nh4 18. Qd3 Nf5 19. Ne2 Bf6 20. Ng3 Nh4 21. Bc3 Bxc3 22. Qxc3 Qd8 23. Re2 f5 24. f4 Rf7 25. Re6 Qd7 26. Rfe1 Raf8 27. Nh5 Ng6 28. R1e3 Qd8 29. Qe1 a6 30. Kh2 b5 31. Re2 b4 32. Kh1 Qd7 33. R2e3 a5 34. Kh2 a4 35. Rg3 a3 36. Rg5 Qd8 37. Qg3 Re7 1/2-1/2

[Event "POL-ch rapid"]
[Site "Zgierz"]
[Date "2017.01.08"]
[Round "9"]
[White "Paprocki, Jaroslaw"]
[Black "Konieczynski, Piotr"]
[Result "1/2-1/2"]
[WhiteElo "2210"]
[BlackElo "1967"]
[PlyCount "92"]
[EventDate "2017.01.08"]
[EventType "swiss (rapid)"]
[EventRounds "9"]
[EventCountry "POL"]
[SourceTitle "CBM 176 Extra"]
[Source "ChessBase"]
[SourceDate "2017.03.02"]
[SourceVersion "1"]
[SourceVersionDate "2017.03.02"]
[SourceQuality "1"]

1. d4 d5 2. Nf3 Nf6 3. c4 dxc4 4. e3 e6 5. Bxc4 c5 6. 0-0 a6 7. Bb3 b5 8. a4 b4 9. Nbd2 Bb7 10. Nc4 Nc6 11. Qe2 Be7 12. dxc5 Bxc5 13. Rd1 Qc7 14. h3 0-0 15. Bd2 Na5 16. Nxa5 Qxa5 17. Ne5 Bd5 18. Bxd5 Nxd5 19. e4 Nf6 20. Bg5 Bxf2+ 21. Qxf2 Qxe5 22. Bxf6 gxf6 23. Rd3 Kh8 24. Rf1 Rac8 25. a5 Rfd8 26. Rxd8+ Rxd8 27. Qxf6+ Qxf6 28. Rxf6 Kg7 29. Rf3 Rd4 30. Re3 Rc4 31. Kh2 Rc5 32. Rb3 Rb5 33. Kg3 Kf6 34. Kf4 e5+ 35. Ke3 Ke6 36. Kd3 f5 37. exf5+ Kxf5 38. Kc4 Rxa5 39. Rf3+ Ke6 40. Kxb4 Rd5 41. Kc3 e4 42. Rf8 Rd3+ 43. Kc2 Rg3 44. Rf2 Ke5 45. Re2 Kd4 46. h4 h5 1/2-1/2

[Event "POL-chT 1st League"]
[Site "Poronin"]
[Date "2016.09.06"]
[Round "4.2"]
[White "Goluch, Piotr"]
[Black "Konieczynski, Piotr"]
[Result "1/2-1/2"]
[WhiteElo "2330"]
[BlackElo "1950"]
[PlyCount "192"]
[EventDate "2016.09.03"]
[EventType "team-tourn"]
[EventRounds "9"]
[EventCountry "POL"]
[SourceTitle "CBM 174 Extra"]
[Source "ChessBase"]
[SourceDate "2016.10.10"]
[SourceVersion "1"]
[SourceVersionDate "2016.10.10"]
[SourceQuality "1"]
[WhiteTeam "Kopernik WKS"]
[BlackTeam "Znin Baszta"]
[WhiteTeamCountry "POL"]
[BlackTeamCountry "POL"]

1. e4 c6 2. d4 d5 3. e5 Bf5 4. h4 h5 5. c4 dxc4 6. Bxc4 e6 7. Nc3 Ne7 8. Bg5 Qc7 9. Nge2 Nd7 10. Ng3 Bg6 11. Nge4 Nd5 12. 0-0 Nxc3 13. Nxc3 Nb6 14. Bd3 Bxd3 15. Qxd3 Be7 16. Ne4 Bxg5 17. hxg5 g6 18. Qa3 Qe7 19. Nd6+ Kd8 20. Qb4 Rh7 21. a4 Rb8 22. Qa5 Ra8 23. Rac1 Qc7 24. Rfd1 Kd7 25. Ne4 Nd5 26. Qc5 Rhh8 27. Nf6+ Nxf6 28. gxf6 Kc8 29. b4 a6 30. d5 Qxe5 31. dxe6 Qxc5 32. Rxc5 fxe6 33. Re5 Kc7 34. Rxe6 Rae8 35. Rde1 Rxe6 36. Rxe6 Rh7 37. g3 Rf7 38. Re8 Rxf6 39. Re7+ Kc8 40. Rg7 Rd6 41. Rg8+ Kc7 42. Rg7+ Kb8 43. f4 a5 44. bxa5 c5 45. Kf2 c4 46. Re7 c3 47. Re8+ Kc7 48. Re7+ Kc8 49. Re1 c2 50. Rc1 Rc6 51. Ke3 Kd7 52. Kd2 Ke6 53. Re1+ Kf5 54. Kc1 Kg4 55. Re3 Rc4 56. Rb3 Rxa4 57. Kxc2 Rxa5 58. Kd2 Ra2+ 59. Ke1 Rg2 60. Rb6 Rxg3 61. Rxg6+ Kxf4 62. Rh6 Rg5 63. Kf2 b5 64. Rb6 Ke4 65. Ke2 Kd4 66. Kd2 Rg2+ 67. Kc1 Kc4 68. Rc6+ Kb4 69. Rf6 Rh2 70. Rf3 h4 71. Re3 Ka4 72. Rf3 b4 73. Kb1 b3 74. Rf8 h3 75. Rh8 Ka3 76. Ra8+ Kb4 77. Rh8 Kc3 78. Rc8+ Kd3 79. Rh8 Ke3 80. Re8+ Kf3 81. Rf8+ Kg2 82. Rg8+ Kf1 83. Rg3 b2 84. Rd3 Ke2 85. Rc3 Kf1 86. Rd3 Kg1 87. Rd1+ Kg2 88. Rd2+ Kg3 89. Rd3+ Kf4 90. Rc3 Kg4 91. Rc4+ Kg3 92. Rc3+ Kg2 93. Rc2+ Kg1 94. Rc3 Rh1 95. Kxb2 h2 96. Rc2 Kf1 1/2-1/2

[Event "Lazy Baltic Pearl op 12th"]
[Site "Lazy"]
[Date "2016.07.04"]
[Round "8"]
[White "Konieczynski, Piotr"]
[Black "Kokoszczynski, Jan"]
[Result "1-0"]
[WhiteElo "1973"]
[BlackElo "1921"]
[PlyCount "134"]
[EventDate "2016.06.26"]
[EventType "swiss"]
[EventRounds "9"]
[EventCountry "POL"]
[SourceTitle "CBM 173 Extra"]
[Source "ChessBase"]
[SourceDate "2016.08.29"]
[SourceVersion "1"]
[SourceVersionDate "2016.08.29"]
[SourceQuality "1"]

1. d4 Nf6 2. Nf3 e6 3. c4 d5 4. Nc3 Bb4 5. Qa4+ Nc6 6. e3 0-0 7. Bd3 dxc4 8. Bxc4 a6 9. 0-0 Qe7 10. a3 Bd6 11. e4 e5 12. Be2 Bd7 13. dxe5 Nxe5 14. Qc2 Nxf3+ 15. Bxf3 Rfe8 16. Re1 Bc6 17. Bd2 Be5 18. g3 Rad8 19. Rac1 h6 20. Bg2 Bd4 21. Nd5 Qd6 22. Bf4 Be5 23. Bxe5 Qxe5 24. Nxf6+ Qxf6 25. Rcd1 Rxd1 26. Rxd1 Rd8 27. Re1 Qd4 28. h4 Qd2 29. Rc1 Qxc2 30. Rxc2 Rd1+ 31. Kh2 Kf8 32. f4 Rd4 33. Re2 Ke7 34. Kg1 Bb5 35. Rc2 c6 36. e5 Ba4 37. Re2 Bd1 38. Re4 Rxe4 39. Bxe4 Kd7 40. b4 b6 41. Kf2 Bb3 42. Ke3 c5 43. bxc5 bxc5 44. Kd3 f6 45. Kc3 Ba2 46. exf6 gxf6 47. Bd3 a5 48. Bc4 Bb1 49. Bd3 Ba2 50. g4 Kd6 51. Be4 Ke7 52. Bd3 Be6 53. Be2 Ba2 54. Bc4 Bb1 55. Kb3 Be4 56. Ka4 Kd6 57. Kxa5 Bc2 58. Kb5 h5 59. gxh5 Be4 60. h6 Ke7 61. Kxc5 Kf8 62. a4 Bb7 63. a5 f5 64. a6 Bxa6 65. Bxa6 Kf7 66. h5 Kg8 67. Kd6 Kh7 1-0

[Event "Lazy Baltic Pearl op 12th"]
[Site "Lazy"]
[Date "2016.06.26"]
[Round "1"]
[White "Karpus, Michal"]
[Black "Konieczynski, Piotr"]
[Result "1-0"]
[WhiteElo "2179"]
[BlackElo "1973"]
[PlyCount "99"]
[EventDate "2016.06.26"]
[EventType "swiss"]
[EventRounds "9"]
[EventCountry "POL"]
[SourceTitle "CBM 173 Extra"]
[Source "ChessBase"]
[SourceDate "2016.08.29"]
[SourceVersion "1"]
[SourceVersionDate "2016.08.29"]
[SourceQuality "1"]

1. e4 c6 2. d4 d5 3. Nc3 dxe4 4. Nxe4 Bf5 5. Ng3 Bg6 6. h4 h6 7. Nf3 Nd7 8. h5 Bh7 9. Bd3 Bxd3 10. Qxd3 e6 11. Bd2 Qc7 12. 0-0-0 Ngf6 13. Ne4 0-0-0 14. g3 Nc5 15. Nxc5 Bxc5 16. c4 Bd6 17. Bc3 Qe7 18. a3 c5 19. Qe2 Kb8 20. Kb1 Qc7 21. Rc1 Rc8 22. dxc5 Qxc5 23. Rh4 Rhd8 24. Ka1 Bc7 25. Nd4 Bb6 26. Bb4 Qg5 27. Bd2 Qc5 28. b4 Qe7 29. c5 Bc7 30. Bc3 Nd5 31. Bb2 e5 32. Nf3 f6 33. Rhc4 Qe8 34. Nh4 Ne7 35. R4c2 Qd7 36. Qe4 Qd5 37. Re1 Qxe4 38. Rxe4 Rd7 39. Kb1 Rcd8 40. Rg4 Rg8 41. Bc3 Kc8 42. b5 Kd8 43. Ra4 Bb8 44. Ba5+ Kc8 45. c6 Rd1+ 46. Ka2 b6 47. Bb4 Nd5 48. Nf5 Kd8 49. Bd2 Rxd2 50. Rxd2 1-0

[Event "POL-chT 2nd League"]
[Site "Jastrzebia Gora"]
[Date "2015.09.11"]
[Round "7.5"]
[White "Konieczynski, Piotr"]
[Black "Dubinski, Mateusz"]
[Result "1/2-1/2"]
[WhiteElo "1975"]
[BlackElo "2207"]
[PlyCount "132"]
[EventDate "2015.09.05"]
[EventType "team-swiss"]
[EventRounds "9"]
[EventCountry "POL"]
[SourceTitle "EXT 2017"]
[Source "ChessBase"]
[SourceDate "2016.10.25"]
[SourceVersion "1"]
[SourceVersionDate "2016.10.25"]
[SourceQuality "1"]
[WhiteTeam "Znin Baszta II"]
[BlackTeam "Kopernik WKS"]
[WhiteTeamCountry "POL"]
[BlackTeamCountry "POL"]

1. d4 Nf6 2. c4 g6 3. Nc3 Bg7 4. e4 0-0 5. Nf3 d6 6. h3 e5 7. dxe5 dxe5 8. Qxd8 Rxd8 9. Bg5 c6 10. Nxe5 Re8 11. 0-0-0 h6 12. Bf4 Na6 13. Nf3 Nxe4 14. Nxe4 Rxe4 15. Be3 c5 16. Be2 Re8 17. Nd2 Nb4 18. a3 Nc6 19. Bf3 Nd4 20. Bd5 Bf5 21. Bxd4 Bxd4 22. g4 Be6 23. Bxe6 Rxe6 24. f3 Re2 25. Rhe1 Rh2 26. Rh1 Rg2 27. Rhe1 Rd8 28. b3 Bc3 29. Ne4 Bb2+ 30. Kb1 Rxd1+ 31. Rxd1 Bxa3 32. Rd3 Rb2+ 33. Ka1 Rh2 34. f4 Bb2+ 35. Kb1 Bd4 36. Nd6 a5 37. f5 Rf2 38. fxg6 fxg6 39. Kc1 b6 40. Kd1 Rf6 41. Nb5 Rf4 42. Nc7 Kf7 43. Nd5 Rf1+ 44. Ke2 Rf2+ 45. Ke1 Rh2 46. Nxb6 Ke6 47. Na4 h5 48. gxh5 gxh5 49. Kf1 Rf2+ 50. Ke1 Rg2 51. Kf1 Rg5 52. Nc3 Ke5 53. Rf3 Rg1+ 54. Ke2 Rc1 55. Nd5 Rc2+ 56. Kd1 Ra2 57. Nc3 Rb2 58. Na4 Rg2 59. Nc3 h4 60. Ne2 Ke4 61. Rf7 Rh2 62. Re7+ Kd3 63. Nf4+ Kc3 64. Rb7 Rf2 65. Ne2+ Kd3 66. Nc1+ Kc3 1/2-1/2

[Event "POL-chT 2nd League"]
[Site "Szczyrk"]
[Date "2014.09.06"]
[Round "1.46"]
[White "Sycz, Michal"]
[Black "Konieczynski, Piotr"]
[Result "1/2-1/2"]
[WhiteElo "2024"]
[BlackElo "1965"]
[PlyCount "91"]
[EventDate "2014.09.06"]
[EventType "team-swiss"]
[EventRounds "9"]
[EventCountry "POL"]
[SourceTitle "EXT 2015"]
[Source "ChessBase"]
[SourceDate "2014.11.20"]
[SourceVersion "1"]
[SourceVersionDate "2014.11.20"]
[SourceQuality "1"]
[WhiteTeam "Stara Wies Parnas"]
[BlackTeam "Znin Baszta II"]
[WhiteTeamCountry "POL"]
[BlackTeamCountry "POL"]

1. d4 d5 2. Nf3 Nf6 3. c4 dxc4 4. Nc3 a6 5. a4 Nc6 6. e4 Bg4 7. Be3 Na5 8. Qc2 Bxf3 9. gxf3 e6 10. Rg1 c6 11. Rd1 Qc7 12. f4 g6 13. Be2 Bh6 14. Rg5 Bxg5 15. fxg5 Nh5 16. Bxh5 gxh5 17. e5 0-0-0 18. Ne4 Rd5 19. Qc3 Rhd8 20. Qb4 Kb8 21. Ke2 Ka7 22. Nf6 Ka8 23. Nxd5 cxd5 24. Bd2 Nc6 25. Qc3 Qb6 26. Be3 Qb4 27. Qc2 Rd7 28. Rd2 Na5 29. Qxh7 Qxa4 30. g6 fxg6 31. Qg8+ Ka7 32. Qxe6 Qc6 33. Qg8 Re7 34. Qd8 Rc7 35. Rd1 c3 36. bxc3 Nb3 37. Rd3 Rf7 38. Qg5 Na5 39. Bc1 Nc4 40. Rf3 Rxf3 41. Kxf3 Qe6 42. Ke2 a5 43. Qf6 Qg4+ 44. Qf3 Qe6 45. Qf6 Qg4+ 46. Qf3 1/2-1/2

[Event "POL-chT2"]
[Site "Poronin"]
[Date "2013.09.14"]
[Round "8.51"]
[White "Puczylowski, Marcin"]
[Black "Konieczynski, Piotr"]
[Result "0-1"]
[WhiteElo "2033"]
[BlackElo "1961"]
[PlyCount "40"]
[EventDate "2013.09.06"]
[EventType "team-swiss"]
[EventRounds "9"]
[EventCountry "POL"]
[SourceTitle "EXT 2015"]
[Source "ChessBase"]
[SourceDate "2014.11.20"]
[SourceVersion "1"]
[SourceVersionDate "2014.11.20"]
[SourceQuality "1"]
[WhiteTeam "Debica Gryf"]
[BlackTeam "Znin Baszta II"]
[WhiteTeamCountry "POL"]
[BlackTeamCountry "POL"]

1. Nf3 d5 2. d4 Nf6 3. Bf4 c5 4. dxc5 Qa5+ 5. c3 Qxc5 6. e3 g6 7. Nbd2 Bg7 8. Be2 0-0 9. 0-0 Nc6 10. Ne5 Nxe5 11. Bxe5 e6 12. a4 Ne8 13. Bd4 Qe7 14. Nb3 b6 15. a5 e5 16. axb6 exd4 17. Nxd4 Bxd4 18. Qxd4 a5 19. b4 a4 20. Ra3 Bb7 0-1

[Event "POL-chT2"]
[Site "Poronin"]
[Date "2013.09.12"]
[Round "6"]
[White "Parol, Pawel"]
[Black "Konieczynski, Piotr"]
[Result "1-0"]
[WhiteElo "1980"]
[BlackElo "1961"]
[PlyCount "89"]
[EventDate "2013.09.06"]
[EventType "team-swiss"]
[EventRounds "9"]
[EventCountry "POL"]
[SourceTitle "EXT 2015"]
[Source "ChessBase"]
[SourceDate "2014.11.20"]
[SourceVersion "1"]
[SourceVersionDate "2014.11.20"]
[SourceQuality "1"]
[WhiteTeam "Minsk Mazowiecki MTSz"]
[BlackTeam "Znin Baszta II"]
[WhiteTeamCountry "POL"]
[BlackTeamCountry "POL"]

1. Nf3 d5 2. d4 Nf6 3. c4 dxc4 4. Qa4+ c6 5. Qxc4 Bf5 6. g3 e6 7. Bg2 Be7 8. 0-0 Nbd7 9. Nc3 0-0 10. Bf4 Qb6 11. Na4 Qb4 12. Qxb4 Bxb4 13. a3 Be7 14. Rac1 Ne4 15. Nd2 Nxd2 16. Bxd2 g5 17. e4 Bg4 18. Rfe1 e5 19. d5 c5 20. f3 Bh5 21. Be3 b6 22. g4 Bg6 23. Red1 Rfd8 24. d6 Bf8 25. Bf1 f6 26. Ba6 Bf7 27. Nc3 Bg7 28. Nd5 Nf8 29. Ne7+ Kh8 30. Bb7 Bb3 31. Rd3 Ba4 32. Bxa8 Rxa8 33. b4 c4 34. Rd2 Bb3 35. d7 Rd8 36. Nc6 Rxd7 37. Rxd7 Nxd7 38. Nxa7 Bf8 39. Nb5 Kg8 40. Nc7 Be7 41. Nd5 Bd8 42. Bf2 Kf7 43. Ne3 b5 44. Nd5 Ke6 45. Nc3 1-0

[Event "POL-chT2"]
[Site "Poronin"]
[Date "2013.09.09"]
[Round "3.28"]
[White "Bokiej, Przemyslaw"]
[Black "Konieczynski, Piotr"]
[Result "1-0"]
[WhiteElo "2144"]
[BlackElo "1961"]
[PlyCount "117"]
[EventDate "2013.09.06"]
[EventType "team-swiss"]
[EventRounds "9"]
[EventCountry "POL"]
[SourceTitle "EXT 2015"]
[Source "ChessBase"]
[SourceDate "2014.11.20"]
[SourceVersion "1"]
[SourceVersionDate "2014.11.20"]
[SourceQuality "1"]
[WhiteTeam "Bydgoszcz Chemik"]
[BlackTeam "Znin Baszta II"]
[WhiteTeamCountry "POL"]
[BlackTeamCountry "POL"]

1. e4 c6 2. d4 d5 3. Nd2 dxe4 4. Nxe4 Bf5 5. Ng3 Bg6 6. h4 h6 7. Nf3 Nd7 8. h5 Bh7 9. Bd3 Bxd3 10. Qxd3 e6 11. Bf4 Qa5+ 12. Bd2 Qc7 13. 0-0-0 Ngf6 14. c4 Bd6 15. Ne4 Bf4 16. Kb1 Bxd2 17. Nfxd2 0-0-0 18. c5 Nxe4 19. Nxe4 Nf6 20. Nd6+ Rxd6 21. cxd6 Qxd6 22. Qf3 Rd8 23. g4 Qe7 24. Rhg1 Rd5 25. Qe2 Qd6 26. Qd2 Rg5 27. f3 Nd5 28. Rge1 f6 29. Re4 Nc7 30. Qe2 Qg3 31. Rc1 Kb8 32. a3 Qd6 33. f4 Rb5 34. Ka1 Qd5 35. Rc3 a5 36. Qd3 f5 37. gxf5 exf5 38. Re1 Qg2 39. Qe2 Qd5 40. Rd3 Qc4 41. Rd2 Qb3 42. Rg1 Nd5 43. Rd3 Qc4 44. Qd2 Ka7 45. Rf3 Nf6 46. Rxg7 Qd5 47. Qd1 Nxh5 48. Re7 Nxf4 49. Re5 Qd6 50. Rxb5 cxb5 51. Qd2 Ne6 52. Qxa5+ Kb8 53. Qxb5 Nxd4 54. Qe8+ Kc7 55. Qf7+ Kb8 56. Rc3 f4 57. Qe8+ Ka7 58. Qa4+ Kb8 59. Rd3 1-0

[Event "POL-ch Amateur"]
[Site "Wroclaw"]
[Date "2013.??.??"]
[Round "6"]
[White "Dobrowolski, Marcin"]
[Black "Konieczynski, Piotr"]
[Result "0-1"]
[WhiteElo "1984"]
[BlackElo "1944"]
[PlyCount "112"]
[EventDate "2013.06.??"]
[EventType "swiss"]
[EventRounds "9"]
[EventCountry "POL"]
[SourceTitle "EXT 2014"]
[Source "ChessBase"]
[SourceDate "2013.11.20"]
[SourceVersion "1"]
[SourceVersionDate "2013.11.20"]
[SourceQuality "1"]

1. c4 d5 2. d4 dxc4 3. e3 Nf6 4. Bxc4 e6 5. Nf3 a6 6. Bb3 c5 7. 0-0 Nc6 8. Nc3 Be7 9. dxc5 Qxd1 10. Rxd1 Bxc5 11. Bd2 Bd7 12. Rac1 Bb4 13. Ng5 Ke7 14. Nce4 Bxd2 15. Rxd2 Nxe4 16. Nxe4 Rad8 17. Nd6 b5 18. Nb7 Ra8 19. Bd1 Ra7 20. Nc5 Rd8 21. f4 Nb4 22. a3 Nd5 23. Kf2 Rc7 24. b4 Nb6 25. Be2 Bc8 26. Rxd8 Kxd8 27. Rd1+ Ke7 28. Bf3 Nc4 29. Ra1 a5 30. Be2 Nxa3 31. Nd3 axb4 32. Nxb4 Nc4 33. Rc1 Bd7 34. e4 Rc8 35. Bxc4 bxc4 36. Ke3 Ba4 37. Kd4 Bb3 38. Ra1 Rc7 39. e5 h5 40. Ra7 Rxa7 41. Nc6+ Ke8 42. Nxa7 f6 43. Nb5 Kf7 44. Nd6+ Kg6 45. g3 fxe5+ 46. fxe5 Kg5 47. Ne4+ Kf5 48. h3 g5 49. Nd6+ Kg6 50. Ne4 Bc2 51. Nd2 Bd3 52. Nf3 Kf5 53. h4 gxh4 54. gxh4 Kg4 55. Ng5 Bf5 56. Kxc4 Kxh4 0-1

[Event "POL-ch Amateur"]
[Site "Wroclaw"]
[Date "2013.??.??"]
[Round "2"]
[White "Konieczynski, Piotr"]
[Black "Zielinski, Hubert"]
[Result "1/2-1/2"]
[WhiteElo "1944"]
[BlackElo "1845"]
[PlyCount "79"]
[EventDate "2013.06.??"]
[EventType "swiss"]
[EventRounds "9"]
[EventCountry "POL"]
[SourceTitle "EXT 2014"]
[Source "ChessBase"]
[SourceDate "2013.11.20"]
[SourceVersion "1"]
[SourceVersionDate "2013.11.20"]
[SourceQuality "1"]

1. d4 Nf6 2. Nf3 g6 3. c4 Bg7 4. Nc3 c5 5. d5 d6 6. e4 0-0 7. h3 e6 8. Bd3 exd5 9. cxd5 a6 10. a4 Qc7 11. Nd2 Nbd7 12. Nc4 Nb6 13. 0-0 Nxc4 14. Bxc4 Re8 15. Re1 Nd7 16. f4 Qa5 17. Ra3 Qb4 18. Bd3 c4 19. Bc2 Rb8 20. a5 b5 21. axb6 Qxb6+ 22. Kh1 Qf2 23. Qe2 Qh4 24. Ba4 f5 25. Qf1 Re7 26. Kh2 Nc5 27. Bc2 fxe4 28. g3 Qh5 29. Bd1 Qf5 30. Bg4 Qf7 31. Bxc8 Rxc8 32. Qxc4 Rec7 33. Qf1 Nd3 34. Rxe4 Nxc1 35. Qxc1 Bxc3 36. bxc3 Qxd5 37. Qe3 Qb5 38. Rb4 Qf1 39. Rab3 Re7 40. Qxe7 1/2-1/2

[Event "POL-chT 2nd League"]
[Site "Lazy"]
[Date "2012.09.05"]
[Round "5"]
[White "Konieczynski, Piotr"]
[Black "Krainski, Aleksander"]
[Result "1/2-1/2"]
[WhiteElo "1933"]
[BlackElo "2244"]
[PlyCount "100"]
[EventDate "2012.09.01"]
[EventType "team-swiss"]
[EventRounds "9"]
[EventCountry "POL"]
[SourceTitle "EXT 2019"]
[Source "ChessBase"]
[SourceDate "2018.10.10"]
[SourceVersion "1"]
[SourceVersionDate "2018.10.10"]
[SourceQuality "1"]
[WhiteTeam "Znin Baszta II"]
[BlackTeam "Grudziadz Rotmistrz"]
[WhiteTeamCountry "POL"]
[BlackTeamCountry "POL"]

1. d4 d5 2. c4 c6 3. Nf3 e6 4. e3 f5 5. Qc2 Nf6 6. Bd3 Bd6 7. 0-0 0-0 8. b3 Qe7 9. Bb2 Ne4 10. Nbd2 b6 11. Ne5 Bb7 12. f3 Nxd2 13. Qxd2 a5 14. e4 fxe4 15. fxe4 Rxf1+ 16. Rxf1 Bxe5 17. dxe5 Nd7 18. exd5 cxd5 19. Qe3 a4 20. Qh3 g6 21. b4 Rc8 22. Qg4 Nf8 23. a3 Ba6 24. Rc1 dxc4 25. Bxc4 b5 26. Be2 Rxc1+ 27. Bxc1 Qc7 28. Qf4 Bb7 29. Bf1 Bd5 30. Qe3 Qb7 31. Qc5 Kf7 32. Qxb5 Qc7 33. Bf4 Nd7 34. Qxa4 Qb6+ 35. Kh1 Bc6 36. Qc2 Ba8 37. Qd2 Bd5 38. h3 Qa7 39. Qe3 Qb8 40. Qf2 Ke8 41. Qc2 Qb7 42. a4 Kf7 43. Qf2 Kg8 44. Bh6 Qxb4 45. Bb5 Qc3 46. Qe3 Qb2 47. Qd2 Qxd2 48. Bxd2 Nxe5 49. a5 Nc4 50. Bxc4 Bxc4 1/2-1/2

[Event "POL-chT 2nd League"]
[Site "Lazy"]
[Date "2012.09.03"]
[Round "3"]
[White "Konieczynski, Piotr"]
[Black "Tobolski, Jakub"]
[Result "1/2-1/2"]
[WhiteElo "1933"]
[BlackElo "2089"]
[PlyCount "119"]
[EventDate "2012.09.01"]
[EventType "team-swiss"]
[EventRounds "9"]
[EventCountry "POL"]
[SourceTitle "EXT 2019"]
[Source "ChessBase"]
[SourceDate "2018.10.10"]
[SourceVersion "1"]
[SourceVersionDate "2018.10.10"]
[SourceQuality "1"]
[WhiteTeam "Znin Baszta II"]
[BlackTeam "Rybnik MKSz"]
[WhiteTeamCountry "POL"]
[BlackTeamCountry "POL"]

1. d4 Nf6 2. c4 g6 3. Nc3 Bg7 4. e4 d6 5. Nf3 0-0 6. h3 e5 7. dxe5 dxe5 8. Qxd8 Rxd8 9. Bg5 Re8 10. Nd5 Nxd5 11. cxd5 f5 12. Nd2 h6 13. Be3 c6 14. Bc4 Kh7 15. f3 Bd7 16. Nb3 b5 17. dxc6 Bxc6 18. Bd3 fxe4 19. Bxe4 Bxe4 20. fxe4 Nc6 21. 0-0 Re7 22. Rad1 Rf8 23. Rxf8 Bxf8 24. Bc5 Rf7 25. Bxf8 Rxf8 26. Rd7+ Kg8 27. Rd6 Rc8 28. Rxg6+ Kh7 29. Rd6 a5 30. a3 a4 31. Nc5 Na5 32. Nd3 Rc4 33. Rd5 Rxe4 34. Rxb5 Nc4 35. Rb4 Rd4 36. Rxa4 e4 37. Ne1 e3 38. b3 Rd1 39. Rxc4 Rxe1+ 40. Kh2 Rb1 41. Re4 Rxb3 42. a4 Ra3 43. Kg3 e2+ 44. Kf2 Ra2 45. g4 Kg6 46. h4 Kf6 47. Ke1 Kf7 48. Rb4 Kg6 49. Rb6+ Kg7 50. Ra6 Kh7 51. h5 Kg7 52. a5 Kh7 53. Ra7+ Kg8 54. Re7 Rxa5 55. Kxe2 Ra3 56. Re3 Rxe3+ 57. Kxe3 Kf7 58. Kd4 Kf6 59. Ke4 Ke6 60. g5 1/2-1/2

[Event "POL-ch Amateur"]
[Site "Wroclaw"]
[Date "2012.06.24"]
[Round "7"]
[White "Konieczynski, Piotr"]
[Black "Dobrowolski, Marcin"]
[Result "0-1"]
[WhiteElo "1905"]
[BlackElo "1991"]
[PlyCount "118"]
[EventDate "2012.06.22"]
[EventType "swiss"]
[EventRounds "7"]
[EventCountry "POL"]
[SourceTitle "EXT 2013"]
[Source "ChessBase"]
[SourceDate "2012.11.22"]
[SourceVersion "1"]
[SourceVersionDate "2012.11.22"]
[SourceQuality "1"]

1. d4 Nf6 2. c4 g6 3. Nc3 Bg7 4. e4 d6 5. Nf3 0-0 6. h3 e5 7. dxe5 dxe5 8. Qxd8 Rxd8 9. Bg5 Re8 10. 0-0-0 h6 11. Be3 c6 12. c5 Be6 13. Nd2 Nbd7 14. Bc4 Nf8 15. Bxe6 Nxe6 16. Nc4 Nd4 17. Nd6 Re7 18. f4 Ne8 19. fxe5 Ne6 20. Nc4 Nf8 21. b4 Nd7 22. Kc2 Kf8 23. Rhf1 Nxe5 24. Nxe5 Rxe5 25. Rd7 Re7 26. Rfd1 Nf6 27. Rxe7 Kxe7 28. Bf4 Ne8 29. Kb3 Rd8 30. Rxd8 Kxd8 31. Nb1 Nc7 32. Kc4 b5+ 33. cxb6 axb6 34. Be3 b5+ 35. Kc5 Kd7 36. Kb6 Ne6 37. Bd2 h5 38. Ka5 Be5 39. Kb6 Bd4+ 40. Kb7 Nd8+ 41. Ka6 Kc8 42. Bc3 Be3 43. Be5 Ne6 44. Nc3 f6 45. Bd6 Kd7 46. Bh2 Bd2 47. Nxb5 cxb5 48. Kxb5 f5 49. exf5 gxf5 50. Kc4 Nf4 51. g4 fxg4 52. hxg4 hxg4 53. Kd4 Nh5 54. Ke4 Bxb4 55. Kf5 g3 56. Bg1 Kc6 57. Bd4 g2 58. Kg4 Bc5 59. Kf3 Nf4 0-1

[Event "POL-chT3 1112"]
[Site "Poland"]
[Date "2012.01.??"]
[Round "5.14"]
[White "Grajczak, Adrian"]
[Black "Konieczynski, Piotr"]
[Result "1-0"]
[WhiteElo "1969"]
[BlackElo "1906"]
[PlyCount "121"]
[EventDate "2011.11.06"]
[EventType "team-tourn"]
[EventRounds "11"]
[EventCountry "POL"]
[SourceTitle "EXT 2015"]
[Source "ChessBase"]
[SourceDate "2014.11.20"]
[SourceVersion "1"]
[SourceVersionDate "2014.11.20"]
[SourceQuality "1"]
[WhiteTeam "Chojnice UKS Osemka"]
[BlackTeam "Znin Baszta II"]
[WhiteTeamCountry "POL"]
[BlackTeamCountry "POL"]

1. e4 e6 2. d3 d5 3. Nd2 c5 4. Ngf3 Nc6 5. g3 g6 6. Bg2 Bg7 7. c3 Nge7 8. 0-0 0-0 9. Re1 Qc7 10. Qe2 b6 11. Nf1 Ba6 12. e5 Rab8 13. Bf4 b5 14. a3 Rb6 15. Qe3 d4 16. Qe2 Rd8 17. cxd4 Nxd4 18. Nxd4 cxd4 19. Rac1 Qd7 20. Bd2 Rbb8 21. h4 Rdc8 22. Nh2 Rxc1 23. Bxc1 h5 24. g4 hxg4 25. Qxg4 b4 26. Nf3 Bxd3 27. Nxd4 bxa3 28. bxa3 Nf5 29. Nc6 Rb6 30. Nb4 a5 31. Nxd3 Qxd3 32. h5 Nh6 33. Qg3 Qb5 34. Qh4 Nf5 35. Qd8+ Kh7 36. hxg6+ fxg6 37. Bg5 Rb8 38. Qc7 Qb6 39. Qc3 Rf8 40. Rd1 Rf7 41. Be4 a4 42. Kg2 Qb3 43. Rh1+ Kg8 44. Qc8+ Rf8 45. Qd7 Qc4 46. Bf3 Qc8 47. Qxa4 Bxe5 48. Qg4 Qd7 49. Bh6 Ng7 50. Qxg6 Rf6 51. Qe4 Qd6 52. Bxg7 Kxg7 53. Qh7+ Kf8 54. Qh8+ Ke7 55. Rh7+ Rf7 56. Rxf7+ Kxf7 57. Bh5+ Ke7 58. Qe8+ Kf6 59. Qf7+ Kg5 60. Qg6+ Kf4 61. Qg4# 1-0